| 000 | 00837ngm a22003130a 4500 | ||
|---|---|---|---|
| 001 | PT35932 | ||
| 003 | AR-LpoUNG | ||
| 005 | 20210202000453.0 | ||
| 007 | vd cvaizq | ||
| 008 | 191001suuuu||||ag |||||||||||||||||eng d | ||
| 037 | _c$13,75 | ||
| 040 |
_aAR-LpoUNG _bspa _cAR-LpoUNG _eaacr |
||
| 041 |
_aeng _aspa |
||
| 044 | _aag | ||
| 082 | 0 | _a940.53 963pro | |
| 245 | 1 | 3 | _aEl proceso de Nüremberg |
| 260 |
_aBuenos Aires : _bBlackman, _cs. f.. |
||
| 300 | _aDVD (90 min.) : son., byn | ||
| 505 | 0 | _aSubtÃtulos en castellano | |
| 520 | _aDocumental con gran parte de las acusaciones, defensas y veredictos del juicio de 1946. | ||
| 650 | 4 | _aCRIMENES DE GUERRA | |
| 650 | 4 | _aGENOCIDIO | |
| 650 | 4 | _aSANCIONES PENALES | |
| 653 | _aDOCUMENTALES | ||
| 653 | _aDVD | ||
| 653 | _aVIDEOS | ||
| 905 | _a35932 | ||
| 942 | _cDVD | ||
| 999 |
_c54922 _d54922 |
||